แสดงรายละเอียดบรรณานุกรม
  กลับหน้าหลัก

Brief Record : Get Marc (ISO 2709) : E-mail record : QR code ปิดหน้าต่าง
E-books : เกี่ยวกับ Collections
LEADER 00000nam 2200000uu 4500
001    210425
003     ULIBM
008    150402s2557||||th 000 0 tha d
041 0   ^atha
050  4  ^aGR312.2.N6 ธ663ค 2557
100 0   ^aธีรพล นามวงศ์
245 10  ^aคำศัพท์และความหมายจากนิทานธรรมคำกลอนอีสานเรื่อง กำพร้าผีน้อย กาฬเกษ พญาคันคาก เชียงเหมี่ยง มูลตันไตเจ้าปัญญา/^bธีรพล นามวงศ์
260     ^aขอนแก่น : ^bศูนย์เรียนรู้วัฒนธรรมและอักษรโบราณอีสานฯ,^c2557.
300     ^a30 หน้า ;^b26 ซม.
650  4  ^aนิทานพื้นเมือง ^zไทย (ภาคตะวันออกเฉียงเหนือ) ^xคำศัพท์
650  4  ^aวรรณกรรมพื้นบ้าน ^zไทย (ภาคตะวันออกเฉียงเหนือ) ^xคำศัพท์
650  4  ^aนิทานคำกลอนอีสาน ^xคำศัพท์
710 2   ^aจังหวัดขอนแก่น. เทศบาลนครขอนแก่น. ชุมชนสามเหลี่ยม 3. ศูนย์เรียนรู้วัฒนธรรมและอักษรโบราณอีสาน.
999    ^aใช้งานได้ทุกระบบ
รายการนี้ยังไม่มีแท็ก
คุณยังไม่ได้ล็อกอิน คุณสามารถมีกิจกรรมร่วมกับเว็บไซต์ได้ แต่ต้องล็อกอินก่อน ::
  ล็อกอิน
ลำดับที่ ประเภท เลขเรียก สถานที่ สถานะ
1. หนังสือทั่วไป
หนังสือทั่วไป
สถานะ=หนังสือเก่า - บริการ ณ ห้องสมุด (ห้องเหลือง)
GR312.2.N6 ธ663ค 2557  
  
หนังสือทั่วไป On Shelf
  ขอยืม
   [แสดง 1/1 รายการ]

รายการใกล้เคียง
    ผู้แต่ง [ธีรพล นามวงศ์]

BibComment


ยังไม่เคยถูกคอมเมนท์

คอมเมนท์ทรัพยากรรายการนี้
  คอมเมนท์: คำศัพท์และความห..
Bib 210425

 
 
 

 Union Library Management : ULibM
Copyright 2026. All Rights Reserved.
скачать бесплатно без регистрации порно красивый секс HD Sex Hindi sex

xxx gou

xxxx

bfxxx

xxxwww

Секса Видео

xxxx

Секса Видео

detube

geilexxx

C99 Shell

worms shell

blod xxx video
Ebony Coed Rihanna Rimes Takes A Dick In Her Young Twat priyaa indian fuck anal and pusssy hardcore indian women xxx desi hardcore fucking part 1 bengalixxxcouple